Charakterystyka Sztuki Islamu - Statystyki

Ogólne statystyki
  • Ten quiz został rozwiązany 10 razy
  • Średni wynik to 21 z 40
Statystyki odpowiedzi
Zagadnienie Komórka Select % Poprawnych
Taj Mahal Tak
83%
Wielki Meczet w Kordobie Nie
83%
Błękitny Meczet w Stambule Nie
83%
Błękitny Meczet w Stambule Agra(Indie) 1654r. Nie
83%
Wielki Meczet w Kordobie do 1616 roku Nie
83%
Wielki Meczet w Kordobie "klasycznego okresu" sztuki islamskiej w Turcji. Nie
83%
Błękitny Meczet w Stambule na pamiątkę przedwcześnie zmarłej, ukochanej żony Mumtaz Mahal Nie
83%
Taj Mahal Nie
67%
Taj Mahal Nie
67%
Wielki Meczet w Kordobie Nie
67%
Taj Mahal Jedna z legend głosi, że młody sułtan wybudował meczet, ponieważ chciał uzyskać przebaczenie Allaha Nie
67%
Taj Mahal na pamiątkę przedwcześnie zmarłej, ukochanej żony Mumtaz Mahal Tak
67%
Taj Mahal Obiekt bywa nazywany świątynią miłości Tak
67%
Taj Mahal Sala z Lasem kolumn Nie
67%
Błękitny Meczet w Stambule Turcja (Stambuł)1616 r. Tak
67%
Taj Mahal Tak
50%
Taj Mahal Tak
50%
Taj Mahal Tak
50%
Wielki Meczet w Kordobie Tak
50%
Błękitny Meczet w Stambule Tak
50%
Błękitny Meczet w Stambule Tak
50%
Taj Mahal Agra(Indie) 1654r. Tak
50%
Taj Mahal indyjskie mauzoleum wzniesione przez Szahdżahan Tak
50%
Błękitny Meczet w Stambule "klasyczny okres" sztuki islamskiej w Turcji. Tak
50%
Wielki Meczet w Kordobie Kordoba (Hiszpania) ok 600r. Tak
50%
Wielki Meczet w Kordobie Mezquita Tak
50%
Wielki Meczet w Kordobie służy obecnie za katedrę rzymskokatolicką diecezji Córdoba w Hiszpanii. Tak
50%
Taj Mahal Tak
33%
Taj Mahal Tak
33%
Taj Mahal Tak
33%
Wielki Meczet w Kordobie Tak
33%
Wielki Meczet w Kordobie Tak
33%
Wielki Meczet w Kordobie Tak
33%
Wielki Meczet w Kordobie Tak
33%
Wielki Meczet w Kordobie Tak
33%
Błękitny Meczet w Stambule Tak
33%
Błękitny Meczet w Stambule Architektem byl Sedefkâr Mehmet Ağa, uczeń Sinana Tak
33%
Błękitny Meczet w Stambule Jedna z legend głosi, że młody sułtan wybudował meczet, ponieważ chciał uzyskać przebaczenie Allaha Tak
33%
Wielki Meczet w Kordobie Sala z Lasem kolumn Tak
33%
Wielki Meczet w Kordobie Tak
17%
Nie znaleziono quizów pasujących do podanych kryteriów
Rozkład punktacji
Procent ludzi z każdym wynikiem
Percentyl według liczby udzielonych odpowiedzi
Twoja historia wyników
Nie rozwiązałeś tego quizu